Online Reputation of Selected Car Brands

Reputácia v online prostredí a jej riadenie. Multifaktorová analýza online reputácie na vzorke 10 top značiek najpredávanejších automobilov na Slovensku v roku 2016. Metóda modifikovanej multifaktorovej analýzy sentimentu a meranie celkovej online reputácie (TOR, total online reputation) vybraných s...

Descrizione completa

Salvato in:
Dettagli Bibliografici
Autore principale: Pollák, František, 1985-
Altri autori: Dorčák, Peter, 1979-, Markovič, Peter, 1974-, Svetozarovová, Nella
Natura: Capitolo di libro
Lingua:inglese
Soggetti:
Tags: Aggiungi Tag
Nessun Tag, puoi essere il primo ad aggiungerne!!

MARC

LEADER 00000nla a2200000 4500
001 0236466
005 20240502083631.4
041 0 |a eng 
044 |a AT 
245 1 0 |a Online Reputation of Selected Car Brands  |c František Pollák, Peter Dorčák, Peter Markovič, Nella Svetozarovová 
520 |a Reputácia v online prostredí a jej riadenie. Multifaktorová analýza online reputácie na vzorke 10 top značiek najpredávanejších automobilov na Slovensku v roku 2016. Metóda modifikovanej multifaktorovej analýzy sentimentu a meranie celkovej online reputácie (TOR, total online reputation) vybraných subjektov. 
610 2 0 |a marketing 
610 2 0 |a komunikácia masmediálna 
610 2 0 |a komunikácia elektronická 
610 2 0 |a podnik 
610 2 0 |a internet 
610 2 0 |a médiá sociálne 
610 2 0 |a siete sociálne 
610 2 0 |a stránky webové 
610 2 0 |a imidž 
610 2 0 |a meno obchodné 
610 2 0 |a manažment značky 
610 2 0 |a priemysel automobilový 
610 2 0 |a Slovensko 
100 1 |a Pollák, František, 1985- 
700 1 |a Dorčák, Peter, 1979- 
700 1 |a Markovič, Peter, 1974- 
700 1 |a Svetozarovová, Nella